Подробности
| 000 -МАРКЕР |
| контрольное поле |
02504nam0a22003251 4500 |
| 001 - ИДЕНТИФИКАТОР ЗАПИСИ |
| контрольное поле |
rc\2838571 |
| 005 - ИДЕНТИФИКАТОР ВЕРСИИ |
| контрольное поле |
20250529202555.0 |
| 035 ## - ДРУГИЕ СИСТЕМНЫЕ НОМЕРА |
| Идентификатор записи |
(NLR Aleph) 006996214 |
| 100 ## - ДАННЫЕ ОБЩЕЙ ОБРАБОТКИ |
| Данные общей обработки |
20110628d1928 |||y0rusy50 ca |
| 101 0# - ЯЗЫК РЕСУРСА |
| Язык текста, звукозаписи и т.д. |
русский |
| 102 ## - СТРАНА ПУБЛИКАЦИИ ИЛИ ПРОИЗВОДСТВА |
| Страна публикации |
российская федерация |
| 105 ## - ПОЛЕ КОДИРОВАННЫХ ДАННЫХ: ТЕКСТОВЫЕ МАТЕРИАЛЫ, МОНОГРАФИЧЕСКИЕ |
| Кодированные данные о монографическом текстовом документе |
a z ||||| |
| 200 1# - ЗАГЛАВИЕ И СВЕДЕНИЯ ОБ ОТВЕТСТВЕННОСТИ |
| Основное заглавие |
Отдельный оттиск из журнала "Масобойно-жировое дело" № 1 (30) 1928 г. |
| 210 ## - ПУБЛИКАЦИЯ, РАСПРОСТРАНЕНИЕ И ДР. |
| Место издания, распространения и т.д. |
[Москва] |
| Имя издателя, распространителя и т. д. |
НТУ ВСНХ СССР |
| Дата издания, распространения и т.д. |
[1928] |
| Имя изготовителя |
6-я тип. Транспечати |
| 215 ## - ФИЗИЧЕСКАЯ ХАРАКТЕРИСТИКА |
| Специфическое обозначение материала и объем |
16 с. |
| Другие сведения о физической характеристике |
ил. |
| Размеры |
25х17 см |
| 300 ## - ОБЩИЕ ПРИМЕЧАНИЯ |
| Текст примечания |
Без тит. л. и обл. |
| 327 1# - ПРИМЕЧАНИЯ О СОДЕРЖАНИИ |
| Текст примечания |
Содерж.: Шулов И. Опыты со льном-долгунцом.- Рихтер А. К вопросу о заразихе на подсолнечнике.- Синягин И. Всесоюзное совещание по физиологии и селекции подсолнечника.- Мещерский А. Об агромероприятиях с масличными в Сибири.- Варенцев В. О сорности аниса и кориандра |
| 464 #0 - АНАЛИТИЧЕСКИЙ УРОВЕНЬ |
| Встроенное поле |
2001#$aОпыты со льном-долгунцом |
| -- |
700#1$aШулов$bИ.$gИв.$4070 |
| Заглавие |
Опыты со льном-долгунцом |
| Автор |
Шулов, Ив. |
| 464 #0 - АНАЛИТИЧЕСКИЙ УРОВЕНЬ |
| Встроенное поле |
2001#$aК вопросу о заразихе на подсолнечнике |
| -- |
700#1$aРихтер$bА.$4070 |
| Заглавие |
К вопросу о заразихе на подсолнечнике |
| Автор |
Рихтер, А. |
| 464 #0 - АНАЛИТИЧЕСКИЙ УРОВЕНЬ |
| Встроенное поле |
2001#$aВсесоюзное совещание по физиологии и селекции подсолнечника |
| -- |
700#1$aСинягин$bИ.$4070 |
| Заглавие |
Всесоюзное совещание по физиологии и селекции подсолнечника |
| Автор |
Синягин, И. |
| 464 #0 - АНАЛИТИЧЕСКИЙ УРОВЕНЬ |
| Встроенное поле |
2001#$aОб агромероприятиях с масличными в Сибири |
| -- |
700#1$aМещерский$bА.$4070 |
| Заглавие |
Об агромероприятиях с масличными в Сибири |
| Автор |
Мещерский, А. |
| 464 #0 - АНАЛИТИЧЕСКИЙ УРОВЕНЬ |
| Встроенное поле |
2001#$aО сорности аниса и кориандра |
| -- |
700#1$aВаренцев$bВ.$4070 |
| Заглавие |
О сорности аниса и кориандра |
| Автор |
Варенцев, В. |
| 710 02 - НАИМЕНОВАНИЕ ОРГАНИЗАЦИИ - ПЕРВИЧНАЯ ОТВЕТСТВЕННОСТЬ |
| Начальный элемент ввода |
"Маслобойно-жировое дело", журнал |
| Структурное подразделение |
Оттиски |
| Идентифицирующий признак |
Москва |
| Системный номер авторитетной/нормативной записи |
444771 |
| Идентификатор авторитетной/нормативной записи |
RU\NLR\AUTH\880389495 |
| 801 #0 - ИСТОЧНИК ЗАПИСИ |
| Страна |
российская федерация |
| Организация |
NLR |
| Правила каталогизации |
psbo |
| 801 #1 - ИСТОЧНИК ЗАПИСИ |
| Страна |
российская федерация |
| Организация |
ELAR |
| Источник данных |
rusmarc |
| 852 ## - МЕСТОНАХОЖДЕНИЕ И ШИФР ХРАНЕНИЯ |
| Идентификатор организации |
NLR |
| Шифр хранения (Call Number) |
59/775 |
| 942 ## - ДОПОЛНИТЕЛЬНЫЕ ЭЛЕМЕНТЫ ЗАПИСИ (АБИС) |
| Тип экземпляра АБИС |
Книга |
| 980 ## - КОЛЛЕКЦИЯ |
| Название коллекции |
Национальная библиография |